000 00527nam a2200205 a 4500
001 6016
003 CO-ViMGA
008 141112s2004 ck r 000 u spa d
040 _aCO-ViMGA
_bspa
_cCO-ViMGA
082 0 4 _aBlyci31
100 1 _aBlyton, Enid
_953656
245 1 0 _aUn fin de semana de los cinco
250 _a5a
260 _aBarcelona :
_bJuventud,
_c1973
300 _a160 p : il
490 _aClub de los cinco, 31
650 1 4 _aCUENTOS INFANTILES
_92743
650 1 4 _aCUENTOS INGLESES
_94268
942 _2ddc
_cBK
999 _c17990
_d17990